La distancia del último adiós /
Zapisane w:
| 1. autor: | |
|---|---|
| Format: | Książka |
| Język: | Spanish |
| Wydane: |
San José, Costa Rica:
Editorial de la Universidad de Costa Rica,
1995.
|
| Wydanie: | 1. edición |
| Hasła przedmiotowe: | |
| Etykiety: |
Dodaj etykietę
Nie ma etykietki, Dołącz pierwszą etykiete!
|
MARC
| LEADER | 00000nam a22000007a 4500 | ||
|---|---|---|---|
| 007 | ta | ||
| 008 | 140128s1995 cr |||g |||| 000 1 spa d | ||
| 020 | |a 9977672776 | ||
| 040 | |a cru CIICLA Universidad de Costa Rica | ||
| 082 | |a CR863.4 |b M8277d | ||
| 100 | 1 | |a Mora Rodríguez, Virgilio A. |d 1935- | |
| 245 | 1 | 3 | |a La distancia del último adiós / |c V.A. Mora Rodríguez |
| 250 | |a 1. edición | ||
| 260 | |a San José, Costa Rica: |b Editorial de la Universidad de Costa Rica, |c 1995. | ||
| 300 | |a 374 páginas | ||
| 650 | 7 | |9 76 |a LITERATURA COSTARRICENSE |v CUENTOS | |
| 942 | |2 ddc |c BK | ||
| 999 | |c 3169 |d 3169 | ||



